| 000 | 00621nam a2200229Ia 4500 | ||
|---|---|---|---|
| 003 | OSt | ||
| 005 | 20221005132657.0 | ||
| 006 | a|||||r|||| 00| 0 | ||
| 007 | ta | ||
| 008 | 221004b |||||||| |||| 00| 0 eng d | ||
| 024 | _a57839 | ||
| 037 | _cTextual | ||
| 040 |
_aCRL _cCRL _beng |
||
| 041 |
_2eng _aeng |
||
| 082 | _aT4:84:X:8, H8 | ||
| 100 |
_aMunsi M C _9641478 |
||
| 245 | 0 |
_aUniversity educaton and Business management _b An essay in educational reconstruction |
|
| 260 | _c1948 | ||
| 650 | _aHIGHER EDUCATION | ||
| 942 |
_hT4:84:X:8, H8 _cTEXL _2cc |
||
| 999 |
_c1064479 _d1064479 |
||